Statistics for Famous People from Alaska

Click here to take the quiz!

General Stats

  • This quiz has been taken 557 times
  • The average score is 3 of 7

Answer Stats

ClueHometownAnswer% Correct
McCain's controversial running mateWasillaSarah Palin
95%
"Call of the Wild" author and Alaska resident, brieflyNomeJack London
58%
Singer-songwriter whoses name is a synonym for "gem"HomerJewel
58%
Tombstone lawman - he followed the Gold Rush to AlaskaNomeWyatt Earp
49%
"Joy of Painting" host who lived in Alaska, while
serving in the military
FairbanksBob Ross
48%
Former Duke and Utah Jazz power forwardJuneauCarlos Boozer
21%
"Series of tubes" and "Bridge to nowhere" SenatorAnchorageTed Stevens
20%

Score Distribution

Percentile by Number Answered

Percent of People with Each Score

Your Score History

You have not taken this quiz